A Theology of Relationships (Record no. 21905)

MARC details
000 -LEADER
fixed length control field 00268nam a2200097Ia 4500
100 ## - MAIN ENTRY--AUTHOR NAME
Author name Andreas D' Souza
245 #2 - TITLE STATEMENT
Title A Theology of Relationships
500 ## - GENERAL NOTE
General note Journal of Henry Martyn Institute July - Dec 2005
650 ## - SUBJECT ADDED ENTRY--TOPICAL TERM
Topical Term Interfaith Relations and Dialogue
942 ## - ADDED ENTRY ELEMENTS (KOHA)
Koha item type Book Reviews

No items available.

                   Copyright © 2026 | Henry Martyn Institute | Hyderabad | TS-500052 | INDIA | Implemented by hmi.edu.in
Hit-Count:

Powered by Koha